| 000 | 01820nam a2200409Ia 4500 | ||
|---|---|---|---|
| 001 | ebr10586924 | ||
| 003 | CaPaEBR | ||
| 006 | m u | ||
| 007 | cr cn||||||||| | ||
| 008 | 061211s2007 gw a sb 001 0 eng d | ||
| 010 | _z 2006101407 | ||
| 020 | _z9781588905635 (TNY : alk. paper) | ||
| 020 | _z9783131618917 | ||
| 020 | _z9783131435811 (GTV : alk. paper) | ||
| 020 | _z313143581X (GTV : alk. paper) | ||
| 020 | _z1588905632 (TNY : alk. paper) | ||
| 040 |
_aCaPaEBR _cCaPaEBR |
||
| 035 | _a(OCoLC)607693768 | ||
| 050 | 1 | 4 |
_aRM182 _b.B5813 2007eb |
| 082 | 0 | 4 |
_a615/.321 _222 |
| 130 | 0 |
_aBlutegeltherapie. _lEnglish. |
|
| 245 | 1 | 0 |
_aMedicinal leech therapy _h[electronic resource] / _c[edited by] Andreas Michalsen, Manfred Roth, Gustav Dobos ; with contributions by M. Aurich ... [et al.] ; [translator, Suzyon O'Neal Wandrey]. |
| 260 |
_aStuttgart ; _aNew York : _bThieme, _cc2007. |
||
| 300 |
_axi, 178 p. : _bill. (some col.) |
||
| 500 | _a"This book is an authorized and revised translation of the German edition published and copyrighted 2006 by Karl F. Haug Verlag, Stuttgart, Germany. Title of the German edition: Blutegeltherapie." | ||
| 504 | _aIncludes bibliographical references and index. | ||
| 533 |
_aElectronic reproduction. _bPalo Alto, Calif. : _cebrary, _d2011. _nAvailable via World Wide Web. _nAccess may be limited to ebrary affiliated libraries. |
||
| 650 | 0 |
_aLeeches _xTherapeutic use. |
|
| 650 | 0 |
_aPhlebotomy _xHistory. |
|
| 655 | 7 |
_aElectronic books. _2local |
|
| 700 | 1 | _aMichalsen, Andreas. | |
| 700 | 1 |
_aRoth, Manfred, _cPhD. |
|
| 700 | 1 | _aDobos, Gustav. | |
| 700 | 1 |
_aAurich, M. _q(Michael) |
|
| 710 | 2 | _aebrary, Inc. | |
| 856 | 4 | 0 |
_uhttp://site.ebrary.com/lib/rucke/Doc?id=10586924 _zAn electronic book accessible through the World Wide Web; click to view |
| 999 |
_c211708 _d211708 |
||